000
00326nam a22001337a 4500
008
170713b xxu||||| |||| 00| 0 eng d
020
_a
067144882-X
041
_a
eng
080
_a
038
100
_a
23
101
_a
FJA
245
_a
WEBSTER'S NEW WORLD COMPACT SCHOOL AND OFFICE DICTIONARY
_c
GURALNIK,D.B
942
_2
udc
_c
BK
999
_c
20441
_d
20441